MARC

LEADER 00000nam0a2200000 4500
001 337851
005 20231102005006.0
035 |a (RuTPU)RU\TPU\book\364339 
090 |a 337851 
100 |a 20171114d1932 k y0rusy50 ca 
101 0 |a rus  |a eng 
102 |a RU 
105 |a a z 000zy 
200 1 |a Центральное плато Витимского плоскогорья  |f А. К. Мейстер, Ю. И. Половинкина  |g СССР, Всесоюзное геологоразведочное объединение ; Центральный научно-исследовательский геологоразведочный институт (ЦНИГРИ), Сектор геологической карты 
210 |a Москва  |a Ленинград  |c Геологическое изд-во  |d 1932 
215 |a 55 с.  |c ил.  |e Прилож.: 1 карта, 3 табл. 
225 1 |a Труды Всесоюзного геолого-разведочного объединения  |v Вып. 147 
606 1 |a Геология  |y Прибайкалье и Забайкалье  |2 stltpush  |3 (RuTPU)RU\TPU\subj\76247  |9 87524 
610 1 |a плато 
610 1 |a Витимское нагорье 
610 1 |a орография 
610 1 |a геологическое строение 
610 1 |a метаморфизм 
610 1 |a горные породы 
610 1 |a тектоника 
610 1 |a петрография 
610 1 |a библиотека М. А. Усова 
675 |a 55(571.5)  |v 4 
700 1 |a Мейстер  |b А. К.  |c горный инженер  |c Директор Геолкома (1918-1921)  |f 1865-1938  |g Александр Карлович  |2 stltpush  |3 (RuTPU)RU\TPU\pers\22840  |9 9818 
701 1 |a Половинкина  |b Ю. Ир. 
712 0 1 |a СССР  |b Всесоюзное геологоразведочное объединение  |c (1931-1933)  |2 stltpush  |3 (RuTPU)RU\TPU\col\18435  |9 27031 
712 0 2 |a Центральный научно-исследовательский геологоразведочный институт (ЦНИГРИ)  |b Сектор геологической карты  |c (Ленинград)  |c (1931-1939)  |2 stltpush  |3 (RuTPU)RU\TPU\col\18472 
801 1 |a RU  |b 63413507  |c 20171114 
801 2 |a RU  |b 63413507  |c 20200828  |g RCR 
942 |c BK